000 00444nam a2200181Ia 4500
003 GCL
008 140319s9999 xx 000 0 aRus d
040 _aGCL /
_cGCL
082 0 4 _a863
_bB H
245 1 0 _aHISTORIA UNIVERSOL DE TA INFAMIA
260 _a[S.N] :
_bALIANZA EDITORIAL ،
_c1987
300 _a137P
650 0 4 _aLITERATURE
650 0 4 _aFICTION
650 0 4 _aSPANISH LITERATURE
650 0 4 _aSPANISH FICTION
942 _2ddc
_cBK
999 _c11433
_d11433